[Event "Regionalliga NW 1112"]
[Site "Bayern"]
[Date "2012.02.26"]
[Round "7.4"]
[White "Urytskyy, Michael"]
[Black "Strube, Frank"]
[Result "1-0"]
[WhiteElo "2010"]
[BlackElo "2120"]
[PlyCount "61"]
[EventDate "2011.10.02"]
[EventType "team-tourn"]
[EventRounds "9"]
[EventCountry "GER"]
[SourceTitle "EXT 2015"]
[Source "ChessBase"]
[SourceDate "2014.11.20"]
[SourceVersion "1"]
[SourceVersionDate "2014.11.20"]
[SourceQuality "1"]
[WhiteTeam "Hof"]
[BlackTeam "Bamberg"]
[WhiteTeamCountry "GER"]
[BlackTeamCountry "GER"]

1. e4 c5 2. d4 e6 3. d5 exd5 4. exd5 d6 5. Nf3 Nf6 6. c4 Bg4 7. Nc3 Be7 8. Be2 0-0 9. 0-0 Nbd7 10. h3 Bh5 11. Bf4 a6 12. Re1 Rb8 13. Ng5 Bg6 14. Bd3 Nh5 15. Nxh7 Kxh7 16. Qxh5+ Kg8 17. Bxg6 fxg6 18. Qg4 Rf5 19. Qg3 Bh4 20. Qe3 Ne5 21. g3 Bf6 22. g4 Rxf4 23. Qxf4 Nd3 24. Qe4 Nxe1 25. Rxe1 Kh7 26. Kg2 b5 27. cxb5 axb5 28. Qe6 Rb6 29. Qf7 Rb8 30. Re6 Qf8 31. Rxf6 1-0

[Event "Regionalliga NW 1112"]
[Site "Bayern"]
[Date "2011.10.23"]
[Round "2.4"]
[White "Lang, Stefan1111"]
[Black "Urytskyy, Michael"]
[Result "0-1"]
[WhiteElo "1998"]
[BlackElo "2010"]
[PlyCount "86"]
[EventDate "2011.10.02"]
[EventType "team-tourn"]
[EventRounds "9"]
[EventCountry "GER"]
[SourceTitle "EXT 2013"]
[Source "ChessBase"]
[SourceDate "2012.11.22"]
[SourceVersion "1"]
[SourceVersionDate "2012.11.22"]
[SourceQuality "1"]
[WhiteTeam "Bad Neustadt"]
[BlackTeam "Hof"]
[WhiteTeamCountry "GER"]
[BlackTeamCountry "GER"]

1. d4 Nf6 2. Nf3 g6 3. c4 c5 4. d5 b5 5. cxb5 a6 6. bxa6 Bxa6 7. Nc3 Bg7 8. g3 0-0 9. Bg2 d6 10. 0-0 Nbd7 11. Rb1 Qb6 12. h3 Rfb8 13. Qc2 Bc4 14. Nd2 Ba6 15. Re1 c4 16. Nf3 Nc5 17. Be3 Bc8 18. Nd4 Bd7 19. Nc6 Kf8 20. Bxc5 Qxc5 21. Nxb8 Rxb8 22. e4 Ne8 23. Re2 Nc7 24. Kh2 Nb5 25. Nxb5 Bxb5 26. Ree1 Ra8 27. a3 Ba4 28. Qe2 Rb8 29. f4 Bd4 30. e5 Bb3 31. Qe4 Ba2 32. exd6 exd6 33. Qc2 Bxb1 34. Rxb1 Rb3 35. Bf1 Bg1+ 36. Kh1 Rxg3 37. Bg2 Bd4 38. Rc1 c3 39. b4 Qc4 40. Rd1 Re3 41. f5 Re2 42. Rxd4 Re1+ 43. Kh2 Qxd4 0-1

[Event "Regionalliga NW 1112"]
[Site "Bayern"]
[Date "2011.10.02"]
[Round "1.4"]
[White "Urytskyy, Michael"]
[Black "Mueller, Markus3333"]
[Result "1-0"]
[WhiteElo "2010"]
[BlackElo "2030"]
[PlyCount "63"]
[EventDate "2011.10.02"]
[EventType "team-tourn"]
[EventRounds "9"]
[EventCountry "GER"]
[SourceTitle "EXT 2013"]
[Source "ChessBase"]
[SourceDate "2012.11.22"]
[SourceVersion "1"]
[SourceVersionDate "2012.11.22"]
[SourceQuality "1"]
[WhiteTeam "Hof"]
[BlackTeam "Kirchenlaibach"]
[WhiteTeamCountry "GER"]
[BlackTeamCountry "GER"]

1. e4 e6 2. d4 d5 3. Nd2 Nf6 4. e5 Nfd7 5. Bd3 c5 6. c3 Nc6 7. Ne2 Qb6 8. Nf3 cxd4 9. cxd4 f6 10. exf6 Nxf6 11. 0-0 Bd6 12. Ng5 e5 13. dxe5 Nxe5 14. Be3 Bc5 15. Bxc5 Qxc5 16. Rc1 Qb6 17. Nf4 Bg4 18. Qe1 Qd6 19. Bb5+ Bd7 20. Bxd7+ Nfxd7 21. Nfe6 Ng4 22. f4 Rb8 23. Nxg7+ Kf8 24. N7e6+ Kg8 25. Qg3 h6 26. Qxg4 Qb6+ 27. Kh1 hxg5 28. Qxg5+ Kf7 29. Qg7+ Kxe6 30. Rfe1+ Ne5 31. Rxe5+ Kd6 32. Qe7# 1-0

[Event "Oberfranken-ch"]
[Site "Schney"]
[Date "2011.01.05"]
[Round "6"]
[White "Urytskyy, Michael"]
[Black "Rein, Iwan"]
[Result "1/2-1/2"]
[WhiteElo "2038"]
[BlackElo "2073"]
[PlyCount "69"]
[EventDate "2011.01.03"]
[EventType "swiss"]
[EventRounds "7"]
[EventCountry "GER"]
[SourceTitle "EXT 2015"]
[Source "ChessBase"]
[SourceDate "2014.11.20"]
[SourceVersion "1"]
[SourceVersionDate "2014.11.20"]
[SourceQuality "1"]

1. e4 e6 2. d4 d5 3. exd5 exd5 4. Nf3 Nf6 5. Bf4 Be7 6. h3 0-0 7. Bd3 Nbd7 8. Nbd2 c5 9. c3 Re8 10. 0-0 a6 11. Re1 Nf8 12. Re3 Ne6 13. Be5 Bd7 14. Qc2 g6 15. Rae1 c4 16. Bf1 b5 17. g3 Ng7 18. Nh4 Be6 19. Bg2 Qd7 20. Kh2 a5 21. Ndf3 Nf5 22. Nxf5 Bxf5 23. Qc1 Ne4 24. g4 Be6 25. R3e2 f6 26. Bf4 g5 27. Be3 Bf7 28. Nd2 Bd6+ 29. Kg1 Bg6 30. Nxe4 Bxe4 31. Bxe4 Rxe4 32. f3 Re7 33. Bxg5 Rxe2 34. Rxe2 fxg5 35. Qxg5+ 1/2-1/2

[Event "Oberfranken-ch"]
[Site "Schney"]
[Date "2011.01.04"]
[Round "3"]
[White "Baumgaertner, Frank"]
[Black "Urytskyy, Michael"]
[Result "0-1"]
[WhiteElo "1763"]
[BlackElo "2038"]
[PlyCount "132"]
[EventDate "2011.01.03"]
[EventType "swiss"]
[EventRounds "7"]
[EventCountry "GER"]
[SourceTitle "EXT 2015"]
[Source "ChessBase"]
[SourceDate "2014.11.20"]
[SourceVersion "1"]
[SourceVersionDate "2014.11.20"]
[SourceQuality "1"]

1. d4 Nf6 2. Nf3 g6 3. Nbd2 d5 4. e3 Bg7 5. Bd3 0-0 6. b3 Nfd7 7. Bb2 c5 8. 0-0 Nc6 9. c3 e5 10. dxe5 Ndxe5 11. Nxe5 Nxe5 12. Be2 Bf5 13. Nf3 Qc7 14. Qd2 Rad8 15. Rfd1 Ng4 16. h3 Nf6 17. Qe1 Ne4 18. Rac1 Qa5 19. a3 Qc7 20. Ba1 c4 21. b4 Rd6 22. Nd4 Bd7 23. f3 Nf6 24. Qh4 Re8 25. Kf2 Nh5 26. g4 Bf6 27. g5 Be5 28. f4 Bxd4 29. cxd4 Ng7 30. Bg4 Bf5 31. Bc3 Rde6 32. Bd2 Qd7 33. Rc3 R8e7 34. Rg1 Ne8 35. Bf3 Nc7 36. Bd1 b5 37. Qg3 Ne8 38. h4 Nd6 39. Bf3 Be4 40. Bg4 Bd3 41. Qh3 Ne4+ 42. Ke1 Nxc3 43. Bxe6 Qxe6 44. Qxe6 Rxe6 45. Bxc3 Rxe3+ 46. Kf2 Re2+ 47. Kg3 Rc2 48. Be1 Ra2 49. Bf2 Rxa3 50. h5 Be4+ 51. Kh4 c3 52. Bg3 c2 53. f5 Bxf5 54. h6 Be4 55. Bd6 Rc3 56. Rc1 Rc4 57. Bc5 Rc3 58. Kg4 Rb3 59. Ra1 Bf5+ 60. Kf4 Rb1 61. Rxa7 c1Q+ 62. Ke5 Qe3+ 63. Kd6 Qe6+ 64. Kc7 Qc8+ 65. Kb6 Re1 66. Kxb5 Bd3+ 0-1

[Event "Regionalliga NW 0910"]
[Site "Bayern"]
[Date "2010.02.07"]
[Round "6.3"]
[White "Urytskyy, Michael"]
[Black "Vogt, Thomas"]
[Result "1/2-1/2"]
[WhiteElo "2019"]
[BlackElo "1910"]
[PlyCount "86"]
[EventDate "2009.10.18"]
[EventType "team-tourn"]
[EventRounds "9"]
[EventCountry "GER"]
[SourceTitle "EXT 2011"]
[Source "ChessBase"]
[SourceDate "2010.11.26"]
[SourceVersion "1"]
[SourceVersionDate "2010.11.26"]
[SourceQuality "1"]
[WhiteTeam "Hof"]
[BlackTeam "Wuerzburg II"]
[WhiteTeamCountry "GER"]
[BlackTeamCountry "GER"]

1. e4 e5 2. d4 exd4 3. c3 d5 4. exd5 Qxd5 5. cxd4 Nc6 6. Nf3 Bg4 7. Be2 Bb4+ 8. Nc3 Bxf3 9. Bxf3 Qc4 10. Bxc6+ bxc6 11. Qb3 Qxb3 12. axb3 Ne7 13. 0-0 0-0 14. Bf4 Bd6 15. Bxd6 cxd6 16. Rfe1 Rfe8 17. Kf1 Kf8 18. Ra6 Reb8 19. Ra3 Rb4 20. Rd1 Nf5 21. Ne2 h5 22. Rc1 Rb6 23. Rc4 g6 24. Rca4 Rab8 25. Nc1 R8b7 26. Ke2 Rb4 27. Rxb4 Rxb4 28. Rxa7 Nxd4+ 29. Kd3 c5 30. Ra4 Rb7 31. b4 Ne6 32. Ra8+ Ke7 33. bxc5 Nxc5+ 34. Kc2 Ne4 35. Nd3 Nf6 36. b4 Nd5 37. Ra4 Nb6 38. Ra5 Nc4 39. Ra6 Nb6 40. Kb3 Kd7 41. b5 Nd5 42. Kc4 Nc7 43. Ra5 Ke6 1/2-1/2

[Event "Nuremberg LGA Cup 6th"]
[Site "Nuremberg"]
[Date "2009.09.03"]
[Round "1"]
[White "Urytskyy, Michael"]
[Black "Baramidze, David"]
[Result "1/2-1/2"]
[WhiteElo "2098"]
[BlackElo "2532"]
[PlyCount "45"]
[EventDate "2009.09.03"]
[EventType "swiss"]
[EventRounds "7"]
[EventCountry "GER"]
[SourceTitle "EXT 2010"]
[Source "ChessBase"]
[SourceDate "2010.11.25"]
[SourceVersion "1"]
[SourceVersionDate "2010.11.25"]
[SourceQuality "1"]

1. e4 e5 2. d4 exd4 3. c3 dxc3 4. Bc4 c2 5. Qxc2 Nc6 6. Nf3 d6 7. Nc3 Nf6 8. Bg5 h6 9. Bh4 Bg4 10. 0-0-0 Bxf3 11. gxf3 Ne5 12. Bb5+ c6 13. f4 Ng6 14. e5 Nxh4 15. exf6 Qxf6 16. Nd5 Qf5 17. Bxc6+ Kd8 18. Bxb7 Qxc2+ 19. Kxc2 Rb8 20. Ba6 g6 21. Rhe1 Bg7 22. b3 Nf5 23. Kb1 1/2-1/2

[Event "Bayern-chA 80th"]
[Site "Immenstadt"]
[Date "2009.08.30"]
[Round "9"]
[White "Eibl, Maximilian"]
[Black "Urytskyy, Michael"]
[Result "1-0"]
[WhiteElo "2087"]
[BlackElo "2055"]
[PlyCount "81"]
[EventDate "2009.08.22"]
[EventType "swiss"]
[EventRounds "9"]
[EventCountry "GER"]
[SourceTitle "EXT 2015"]
[Source "ChessBase"]
[SourceDate "2014.11.20"]
[SourceVersion "1"]
[SourceVersionDate "2014.11.20"]
[SourceQuality "1"]

1. e4 c5 2. Nf3 d6 3. d4 cxd4 4. Nxd4 Nf6 5. Nc3 g6 6. Be3 Bg7 7. f3 0-0 8. Bc4 Nc6 9. Qd2 Bd7 10. h4 Ne5 11. Bb3 Rc8 12. 0-0-0 Nc4 13. Bxc4 Rxc4 14. h5 Nxh5 15. g4 Nf6 16. Nde2 Qa5 17. Bh6 Rfc8 18. Bxg7 Kxg7 19. Qh6+ Kg8 20. Kb1 Be6 21. Rd5 R4c5 22. g5 Nh5 23. Nf4 Rxd5 24. exd5 Bh3 25. Rxh3 Qb6 26. Nce2 Qc5 27. c3 Qe3 28. Ka1 Qd2 29. Rh1 Qc2 30. Nxh5 gxh5 31. Nf4 Rxc3 32. bxc3 Qxc3+ 33. Kb1 Qb4+ 34. Kc2 Qc4+ 35. Kd1 Qxf4 36. Qxh5 Qf5 37. Ke2 Qc2+ 38. Kf1 Qb1+ 39. Kg2 Qb2+ 40. Kh3 Qxa2 41. Rc1 1-0

[Event "Erbendorf op"]
[Site "Erbendorf"]
[Date "2009.06.13"]
[Round "5"]
[White "Gawle, Ireneusz"]
[Black "Urytskyy, Michael"]
[Result "0-1"]
[WhiteElo "1962"]
[BlackElo "2090"]
[PlyCount "116"]
[EventDate "2009.06.11"]
[EventType "swiss"]
[EventRounds "7"]
[EventCountry "GER"]
[SourceTitle "CBM 130 Extra"]
[Source "ChessBase"]
[SourceDate "2009.07.02"]
[SourceVersion "2"]
[SourceVersionDate "2009.07.15"]
[SourceQuality "1"]

1. e4 c5 2. c3 d5 3. exd5 Qxd5 4. d4 e5 5. dxe5 Qxd1+ 6. Kxd1 Bf5 7. Nf3 Nc6 8. Be3 f6 9. exf6 Nxf6 10. Bc4 Ng4 11. Re1 0-0-0+ 12. Nbd2 Bd6 13. Nh4 Nxe3+ 14. Rxe3 Bg4+ 15. Be2 Bd7 16. g3 g5 17. Nhf3 Be7 18. Ne5 Nxe5 19. Rxe5 Rhe8 20. Bh5 Bd6 21. Rxg5 Rf8 22. f4 Bb5 23. c4 Bc6 24. Kc2 Be7 25. Re5 Bf6 26. Re2 Ba4+ 27. Kc1 Rd3 28. Bg4+ Kb8 29. Bf5 Bxb2+ 30. Kxb2 Rxf5 31. Nb3 b6 32. Kc2 Rd6 33. Rd1 Rxd1 34. Kxd1 Kc7 35. Re3 Rf7 36. Rf3 Rd7+ 37. Ke2 Bc6 38. Rd3 Re7+ 39. Re3 Rd7 40. Re5 a5 41. Nd2 b5 42. Nb3 bxc4 43. Nxa5 Bb5 44. a4 Bxa4 45. Nxc4 Kc6 46. Ke3 Kb5 47. Nb2 Bc2 48. f5 Kb4 49. f6 c4 50. Re7 Rxe7+ 51. fxe7 Bg6 52. Kd4 c3 53. Nd3+ Kb3 54. Nc1+ Kb2 55. Ne2 c2 56. g4 h5 57. g5 h4 58. Ke5 Bh5 0-1

[Event "Erbendorf op"]
[Site "Erbendorf"]
[Date "2009.06.12"]
[Round "4"]
[White "Urytskyy, Michael"]
[Black "Oberle, Marcus"]
[Result "1-0"]
[WhiteElo "2090"]
[BlackElo "1588"]
[PlyCount "21"]
[EventDate "2009.06.11"]
[EventType "swiss"]
[EventRounds "7"]
[EventCountry "GER"]
[SourceTitle "CBM 130 Extra"]
[Source "ChessBase"]
[SourceDate "2009.07.02"]
[SourceVersion "2"]
[SourceVersionDate "2009.07.15"]
[SourceQuality "1"]

1. e4 e5 2. d4 exd4 3. c3 dxc3 4. Bc4 Nc6 5. Nf3 cxb2 6. Bxb2 Bb4+ 7. Nc3 Nge7 8. 0-0 0-0 9. Nd5 d6 10. Nxb4 Nxb4 11. Qd4 1-0

[Event "Regionalliga NW 0809"]
[Site "Bayern"]
[Date "2009.02.01"]
[Round "6.6"]
[White "Kuespert, Helmut"]
[Black "Urytskyy, Michael"]
[Result "0-1"]
[WhiteElo "1939"]
[BlackElo "2002"]
[PlyCount "90"]
[EventDate "2008.10.05"]
[EventType "team-tourn"]
[EventRounds "9"]
[EventCountry "GER"]
[SourceTitle "EXT 2020"]
[Source "ChessBase"]
[SourceDate "2019.10.17"]
[SourceVersion "1"]
[SourceVersionDate "2019.10.17"]
[SourceQuality "1"]
[WhiteTeam "Marktleuthen"]
[BlackTeam "Hof"]
[WhiteTeamCountry "GER"]
[BlackTeamCountry "GER"]

1. e4 c5 2. b4 cxb4 3. d4 d5 4. e5 Bf5 5. Bd3 Bxd3 6. Qxd3 e6 7. Ne2 Qc7 8. 0-0 Nd7 9. Be3 Rc8 10. Rc1 Qc4 11. Qd1 Ne7 12. Nd2 Qc7 13. a3 Nc6 14. axb4 Bxb4 15. c3 Be7 16. f4 0-0 17. Nf3 Na5 18. Rcb1 b6 19. Bc1 f5 20. Ba3 Bxa3 21. Rxa3 Rf7 22. Qd3 Nf8 23. h3 Qc4 24. Qd1 Rfc7 25. Kf2 Qc6 26. g4 g6 27. Ra2 Qe8 28. Qd3 Rc4 29. Nd2 Ra4 30. Rab2 Nc4 31. Nxc4 Rcxc4 32. gxf5 exf5 33. Qf3 Qd8 34. Rb5 Ne6 35. Qxd5 Qxd5 36. Rxd5 Ra2 37. Ke3 Rxe2+ 38. Kd3 Rc7 39. Kxe2 Nxf4+ 40. Kd2 Nxd5 41. Rb3 Kf7 42. h4 Ke6 43. Kd3 Rxc3+ 44. Rxc3 Nxc3 45. Kxc3 Kd5 0-1

[Event "Oberfranken-ch M 0809"]
[Site "Schney"]
[Date "2009.01.04"]
[Round "5"]
[White "Urytskyy, Michael"]
[Black "Urytskyy, Arkadiy"]
[Result "1/2-1/2"]
[WhiteElo "2082"]
[BlackElo "2154"]
[PlyCount "56"]
[EventDate "2009.01.02"]
[EventType "swiss"]
[EventRounds "7"]
[EventCountry "GER"]
[SourceTitle "CBM 128 Extra"]
[Source "ChessBase"]
[SourceDate "2009.03.05"]
[SourceVersion "2"]
[SourceVersionDate "2009.03.25"]
[SourceQuality "1"]

1. e4 d6 2. d4 Nf6 3. Nc3 c6 4. h3 Qa5 5. Bd2 Qc7 6. Nf3 e5 7. Be2 Be7 8. Be3 0-0 9. 0-0 b5 10. a3 a6 11. Qd2 Nbd7 12. Nh2 Nb6 13. b3 exd4 14. Bxd4 c5 15. Bxf6 Bxf6 16. Rad1 Bb7 17. Qxd6 Qxd6 18. Rxd6 Bxc3 19. Rxb6 Bxe4 20. Bf3 Bxf3 21. Nxf3 Rfd8 22. a4 bxa4 23. bxa4 g6 24. Rc6 Rd5 25. Rb1 Ra7 26. Ne1 Rd4 27. Rxc5 Bxe1 28. Rxe1 Rxa4 1/2-1/2

[Event "Regionalliga NW 0809"]
[Site "Bayern"]
[Date "2008.10.26"]
[Round "2.5"]
[White "Becker, Alexander1111"]
[Black "Urytskyy, Michael"]
[Result "0-1"]
[WhiteElo "1992"]
[BlackElo "1988"]
[PlyCount "48"]
[EventDate "2008.10.05"]
[EventType "team-tourn"]
[EventRounds "9"]
[EventCountry "GER"]
[SourceTitle "EXT 2020"]
[Source "ChessBase"]
[SourceDate "2019.10.17"]
[SourceVersion "1"]
[SourceVersionDate "2019.10.17"]
[SourceQuality "1"]
[WhiteTeam "Kronach"]
[BlackTeam "Hof"]
[WhiteTeamCountry "GER"]
[BlackTeamCountry "GER"]

1. c4 Nf6 2. g3 c5 3. Bg2 Nc6 4. Nc3 g6 5. e3 Bg7 6. Nge2 0-0 7. 0-0 d6 8. d4 cxd4 9. Nxd4 Bd7 10. b3 Qa5 11. Bb2 Rab8 12. Nd5 Nxd5 13. Nxc6 Bxc6 14. Bxg7 Nxe3 15. Qc1 Nxg2 16. Bxf8 Rxf8 17. f3 g5 18. h3 h5 19. Kxg2 g4 20. hxg4 hxg4 21. Rf2 Bxf3+ 22. Kg1 Qe5 23. Kh2 Kg7 24. Rxf3 gxf3 0-1